|
|
|
|
| LEADER |
02094nam a2200565 a 4500 |
| 001 |
nkc20152658192 |
| 003 |
CZ PrNK |
| 005 |
20160629105348.0 |
| 007 |
ta |
| 008 |
150114s2014 xr a e f 000 0 cze |
| 015 |
|
|
|a cnb002658192
|
| 020 |
|
|
|a 978-80-87335-71-0
|q (brož.)
|
| 035 |
|
|
|a (OCoLC)907524357
|
| 040 |
|
|
|a BOA001
|b cze
|d ABA001
|
| 041 |
1 |
|
|a cze
|h eng
|
| 043 |
|
|
|a e------
|
| 072 |
|
7 |
|a 374
|x Výchova a vzdělávání dospělých. Mimoškolní výchova a vzdělávání
|2 Konspekt
|9 22
|
| 080 |
|
|
|a 374.32
|2 MRF
|
| 080 |
|
|
|a 374
|2 MRF
|
| 080 |
|
|
|a 37.043.2
|2 MRF
|
| 080 |
|
|
|a 377.35
|2 MRF
|
| 080 |
|
|
|a (4)
|2 MRF
|
| 080 |
|
|
|a (072)
|2 MRF
|
| 245 |
0 |
0 |
|a T-Kit - Základy školení /
|c [autoři tohoto T-Kitu Goran Buldioski ... et al. ; překlad Monika Novosádová]
|
| 246 |
3 |
0 |
|a Základy školení
|
| 260 |
|
|
|a Praha :
|b Dům zahraniční spolupráce,
|c 2014
|
| 300 |
|
|
|a 131 s. :
|b il. ;
|c 30 cm
|
| 490 |
1 |
|
|a T-Kit ;
|v č. 6
|
| 500 |
|
|
|a Přeloženo z angličtiny
|
| 500 |
|
|
|a V publikaci uvedeno chybně dotisk; jedná se o 1. vyd. u nového vydavatele
|
| 504 |
|
|
|a Obsahuje bibliografii
|
| 650 |
0 |
7 |
|a práce s mládeží
|7 ph124700
|z Evropa
|2 czenas
|
| 650 |
0 |
7 |
|a neformální vzdělávání
|7 ph459479
|z Evropa
|2 czenas
|
| 650 |
0 |
7 |
|a multikulturní výchova
|7 ph829799
|z Evropa
|2 czenas
|
| 650 |
0 |
7 |
|a školicí organizace
|7 ph127821
|z Evropa
|2 czenas
|
| 650 |
0 |
9 |
|a work with youth
|z Europe
|2 eczenas
|
| 650 |
0 |
9 |
|a non-formal education
|z Europe
|2 eczenas
|
| 650 |
0 |
9 |
|a multicultural education
|z Europe
|2 eczenas
|
| 650 |
0 |
9 |
|a training organizations
|z Europe
|2 eczenas
|
| 655 |
|
7 |
|a metodické příručky
|7 fd132826
|2 czenas
|
| 655 |
|
9 |
|a methodological manuals
|2 eczenas
|
| 700 |
1 |
|
|a Buldioski, Goran
|7 mzk2009502209
|4 aut
|
| 700 |
1 |
|
|a Novosádová, Monika,
|d 1977-
|7 xx0093628
|4 trl
|
| 765 |
0 |
|
|t Training essentials T-Kit
|9 Česky
|
| 830 |
|
0 |
|a T-Kit
|0 s
|
| 910 |
2 |
|
|a BOA001
|b 4-1340.287
|
| 990 |
|
|
|a BK
|
| 995 |
|
|
|a 01
|
| 991 |
|
|
|b 201503
|c NOV
|e n
|
| 996 |
6 |
|
|b 2610620792
|c 4-1340.287
|l MZK
|r Sklad / do 1 hodiny
|n 1
|p p.v.
|w 001488223
|u 000010
|a 1
|e BOA001
|j MZK50
|s P
|